000 00814cam a22002777a 4500
003 CHAP
005 20220329143010.0
008 050608d2004 us a r 00110 eng d
010 _a90449
011 _a91421
020 _a0072232285
035 _a101980
040 _cCHAP
082 0 4 _a001.6424
_bC72
100 0 0 _aCronan, John.
_929155
245 1 0 _aMicrosoft office excel 2003 :
_bquicksteps
_c/by John Cronan
260 _aNew York :
_bMcGraw-Hill/Osborne,
_c2004.
300 _a206 p. :
_bilus.
590 _aBATCH-UPD
_b10
_c20130110
_lUCH01
_h1125
590 _aCONVERSION
_b10
_c20130109
_lUCH01
_h1350
650 1 4 _aExcel.
_939029
901 _aBK
905 _aAlejandra Carrasco M.
942 _cLIBRO
949 _a001.6424 C72
_bBC
_cLIBRO
_d33724000957478
_eLIBRO
_h105734
_i101980
_kI.c/e
_si
_t$ 221.00
999 _c90449
_d90449